| 000 | 01117nam a2200325 a 4500 | ||
|---|---|---|---|
| 001 | 000035966 | ||
| 003 | DO-SdBNP | ||
| 005 | 20180316153928.0 | ||
| 008 | 111121s2004 dr ac 000 0 spa d | ||
| 010 | _a000035966 | ||
| 040 |
_aBPMSU _bspa _cBPMSU |
||
| 082 | 0 | 4 |
_a781.63 _bV434d |
| 100 | 1 | _aVelázquez, Carlos | |
| 245 | 1 | 0 |
_aDe Santo Domingo al mundo el merengue y la bachata / _cCarlos Velázquez, Alejandro Ureña. |
| 246 | _aEl merengue y la bachata | ||
| 260 | 0 |
_aNew York : _bCarlos Publishing, _c2004. |
|
| 300 |
_a198 p. ; _c24 cm. |
||
| 504 | _aBibliografía : p. 193 - 196 | ||
| 650 | 4 |
_aMERENGUE (MÚSICA) _xHISTORIA _zREPÚBLICA DOMINICANA |
|
| 650 | 4 |
_aMERENGUE(MÚSICA) _xCARIBE (REGIÓN) |
|
| 650 | 4 |
_aBACHATA (MÚSICA) _zREPÚBLICA DOMINICANA _xHISTORIA |
|
| 650 | 4 | _aMÚSICOS DOMINICANOS | |
| 650 | 4 | _aMÚSICA BAILABLE DOMINICANA | |
| 650 | 4 |
_aMÚSICA POPULAR _zREPÚBLICA DOMINICANA |
|
| 700 | 1 | 2 | _aUreña, Alejandro |
| 910 | _aValidado. Control de calidad MFF | ||
| 942 |
_2ddc _cBK |
||
| 945 | _aRemanejado para la BNPHU, 2018 / BT | ||
| 956 |
_aVMATEO _b10 _c20111213 _lBPMSU _h0069 |
||
| 999 |
_c7196 _d7196 |
||